000 00407nam a2200157Ia 4500
008 221030s9999 xx 000 0 und d
020 _a8185461074
041 _aEnglish
082 _a105.23
_bRaf
100 _aM. Rafiquzzaman
245 0 _aMicroprocessors & Microcomputer - Based System Design
260 _bUniversal Book Stall
_aNew Delhi
_c2003
300 _a1075
650 _aComputers
942 _cBK
999 _c2130
_d2130